Name the kpop idol - Statistics

General Stats
  • This quiz has been taken 842 times
  • The average score is 7 of 15
Answer Stats
Picture Answer % Correct
Lia
88%
Seungmin
80%
Chaeyoung
74%
Hoshi
73%
Solar
72%
Johnny
69%
Yeosang
53%
Suho
51%
Jinyoung
48%
Yena
32%
Dita
30%
Rocky
28%
Mia
24%
Leedo
14%
Dowoon
13%
No matching quizzes found
Score Distribution
Percent of People with Each Score
Percentile by Number Answered
Your Score History
You have not taken this quiz